Word Ladder: Auto Makers of the World Quiz Stats

 Plays Quiz Updated Jun 24, 2018

Challenge
Share
Tweet
Embed
Score 0/72 Timer 09:00
0 Plays Today
Hint 4-Letter Word % Correct
Italian automakerFIAT
95.4%
Clenched handFIST
93.5%
US automakerFORD
93.4%
When auto tire meets nailFLAT
91.2%
German automakerAUDI
90.2%
Dining implementFORK
89.7%
Low cloud of tiny water droplets MIST
88.8%
Hawkeye Pierce actor (last name)ALDA
88.3%
Let someone borrowLEND
87.7%
Global discount supermarket chainALDI
87.6%
Mindy's alien friendMORK
87.5%
Former Tonight Show host JayLENO
87.4%
Molten rock from volcano LAVA
86.6%
Second gospelMARK
86.2%
Horse head and neck hairMANE
85.5%
Pack of cattle HERD
85.1%
Open-topped sweet pastry FLAN
84.9%
Golf ball holdersTEES
84.8%
With Romeo, Italian automakerALFA
84.7%
Flintstone petDINO
84.7%
Perceives with the eyesSEES
84.7%
Hawkeye Pierce actor (first name)ALAN
84.4%
With Rover, UK 4WD makerLAND
83.5%
Leak through slowlySEEP
82.8%
US heavy truck makerMACK
81.6%
US sport utility vehicle makerJEEP
81.5%
With Mercedes, German automakerBENZ
81.3%
Classic auto in pristine conditionMINT
81%
Musical pulseBEAT
80.7%
Exclamation of woeALAS
80.6%
Heavy, spiked clubMACE
80.5%
Fortune tellerSEER
80%
'Very' in FrenchTRÈS
79.4%
Char surfaceSEAR
78.8%
Nil, naughtZERO
77.7%
To mock derisivelyJEER
77.5%
Hint 4-Letter Word % Correct
Natural talent or inclinationBENT
75.6%
Manson victim SharonTATE
75.5%
Swedish automakerSAAB
75.3%
Indian motorbike makerHERO
74.3%
Pre-Socratic Greek philosopher ZENO
73.8%
'Charlie's Angels' actress CherylLADD
73.7%
Spanish automakerSEAT
73%
Picket line-crosserSCAB
73%
Pay attentionHEED
72.9%
Improvised jazz singing SCAT
72.7%
Sources of valuable mineralsORES
72.4%
Lug something heavy TOTE
72.3%
Gordon Shumway and Landon, e.g.ALFS
72.2%
MemorandumNOTE
71.8%
International oil cartelOPEC
70.9%
Russian automakerLADA
70.5%
German automakerOPEL
69.3%
Scarlett O'Hara's plantationTARA
69.2%
Tournament bracket positionSEED
69%
MLB pitcher/broadcaster HershiserOREL
68.3%
River in NE France and W GermanySAAR
67%
Indian automakerTATA
65.9%
Hurried offSPED
65.3%
Description of project materialsSPEC
63.1%
'Late' in FrenchTARD
60.4%
What is found in this columnHINT
60.1%
Japanese commercial vehicle makerHINO
56.7%
K, Q, J, or 10, e.g.CARD
55.8%
American auto brand (1929-32, 36-37)CORD
55.3%
UK small car makerMINI
54.6%
Gnostic prophet of Iranian originMANI
49.4%
Red Sox first baseman DanielNAVA
37.3%
Australian sports car makerNOTA
35.1%
With Bus, Canadian transit vehicle makerNOVA
33.9%
Mexican heavy vehicle makerDINA
32.9%
Harker of 'Dracula'MINA
31.5%

Today's Daily Dose

You're not logged in!

Compare scores with friends on all Sporcle quizzes.
Join for Free
OR
Log In

You Might Also Like...

Show Comments

Extras

Top Quizzes Today


Score Distribution

Your Account Isn't Verified!

In order to create a playlist on Sporcle, you need to verify the email address you used during registration. Go to your Sporcle Settings to finish the process.

Report this User

Report this user for behavior that violates our Community Guidelines.

Details: